پر يم چند کے سما جی نظر يا ت :نا ولو ن کی رو شنی مين (Record no. 93768)
[ view plain ]
| 000 -LEADER | |
|---|---|
| fixed length control field | 00773nam a22002177a 4500 |
| 005 - DATE AND TIME OF LATEST TRANSACTION | |
| control field | 20150520112757.0 |
| 008 - FIXED-LENGTH DATA ELEMENTS--GENERAL INFORMATION | |
| fixed length control field | 140714b xxu||||| |||| 00| 0 Urdu d |
| 010 ## - LCCN (DPL NO) | |
| LC control number | UR-8930 |
| 020 ## - INTERNATIONAL STANDARD BOOK NUMBER | |
| Terms of availability | 250.00 |
| 035 ## - SYSTEM CONTROL NUMBER | |
| System control number | U-7485 |
| 037 ## - SOURCE OF ACQUISITION | |
| Source of stock number/acquisition | BPPD/Pub/Ven |
| 040 ## - CATALOGING SOURCE | |
| Original cataloging agency | DPL |
| Language of cataloging | Urdu |
| 082 ## - DEWEY DECIMAL CLASSIFICATION NUMBER | |
| Classification number | 840.8 |
| 100 ## - MAIN ENTRY--PERSONAL NAME | |
| Personal name | ا مين ا حسن |
| 245 ## - TITLE STATEMENT | |
| Title | پر يم چند کے سما جی نظر يا ت :نا ولو ن کی رو شنی مين |
| Statement of responsibility, etc | ا مين ا حسن |
| 246 ## - VARYING FORM OF TITLE | |
| Title proper/short title | Premchand ke Samaji Nazariyat(Novel ki Roshni Mein) |
| Remainder of title | By Ameen Ahsan |
| 260 ## - PUBLICATION, DISTRIBUTION, ETC. (IMPRINT) | |
| Name of publisher, distributor, etc | Educational Publishing House |
| Date of publication, distribution, etc | 2010 |
| Place of publication, distribution, etc | Delhi |
| 270 ## - ADDRESS | |
| Address | 3108,Vakil Street Kucha Pandit,Lal Kuan |
| City | Delhi |
| Telephone number | 01123216162 |
| Postal code | 110006 |
| 300 ## - PHYSICAL DESCRIPTION | |
| Extent | 268ص |
| Dimensions | 22Cm (Hb) |
| 942 ## - ADDED ENTRY ELEMENTS (KOHA) | |
| Source of classification or shelving scheme | Dewey Decimal Classification |
| Item type | Urdu Bks |
| Edition | |
| Classification part | 840.8 |
| Call number suffix | ا م ی |
| Withdrawn status | Lost status | Source of classification or shelving scheme | Damaged status | Not for loan | Collection code | Home library | Current library | Date acquired | Source of acquisition | Cost, normal purchase price | Total Checkouts | Full call number | Barcode | Date last seen | Copy number | Cost, replacement price | Koha item type |
|---|---|---|---|---|---|---|---|---|---|---|---|---|---|---|---|---|---|
| Dewey Decimal Classification | Not For Loan | Non-fiction | Central Library | Central Library | 20/05/2015 | DBAD/Pub. | 250.00 | 840.8 ا م ی | U-7485 | 20/05/2015 | 1 | 250.00 | Urdu Bks |
